| 000 | 00474nam a22001817a 4500 | ||
|---|---|---|---|
| 003 | CEME | ||
| 005 | 20221205105634.0 | ||
| 008 | 210204b xxu||||| |||| 00| 0 eng d | ||
| 020 | _a0-85142-370-1 | ||
| 040 | _c. | ||
| 082 | _a020 HEE | ||
| 100 |
_aHeery, Mike Morgan, Steve _961502 |
||
| 245 | _aPractical strategies the modern academic library | ||
| 260 |
_aLONDON _bASLIB-IMI _c1996 |
||
| 300 | _a177P | ||
| 650 |
_aMODERN ACADEMIC LIBRARY _961503 |
||
| 942 |
_cBK _2ddc |
||
| 999 |
_c570936 _d570936 |
||